Catálogo

DESARROLLO TURISTICO : (Registro nro. 17462)

Detalles MARC
000 -LEADER
fixed length control field 00500nam a2200181 a 4500
001 - CONTROL NUMBER
control field 17462
005 - DATE AND TIME OF LATEST TRANSACTION
control field 20180713210617.0
008 - FIXED-LENGTH DATA ELEMENTS--GENERAL INFORMATION
fixed length control field 140415s1991 000 0 spa d
020 ## - INTERNATIONAL STANDARD BOOK NUMBER
International Standard Book Number 9682427363
041 ## - LANGUAGE CODE
Language code of text/sound track or separate title spa
082 ## - DEWEY DECIMAL CLASSIFICATION NUMBER
Classification number 380.1459104
Item number PEA
100 1# - MAIN ENTRY--PERSONAL NAME
Personal name PEARCE, DOUGLAS
245 10 - TITLE STATEMENT
Title DESARROLLO TURISTICO :
Remainder of title SU PLANIFICACION Y UBICACION GEOGRAFICAS
260 ## - PUBLICATION, DISTRIBUTION, ETC.
Place of publication, distribution, etc. [s.l.] :
Name of publisher, distributor, etc. TRILLAS,
Date of publication, distribution, etc. 1991
300 ## - PHYSICAL DESCRIPTION
Extent 168
490 ## - SERIES STATEMENT
Series statement TRILLAS TURISMO
650 14 - SUBJECT ADDED ENTRY--TOPICAL TERM
Topical term or geographic name entry element PLANEAMIENTO
General subdivision TURISMO
Existencias
Withdrawn status Lost status Source of classification or shelving scheme Damaged status Not for loan Collection code Home library Current library Shelving location Date acquired Source of acquisition Inventory number Total Checkouts Full call number Barcode Date last seen Date last checked out Price effective from Koha item type
    Dewey Decimal Classification     General Biblioteca Karol Wojtyla Biblioteca Karol Wojtyla Sala general 03/12/2013 Compra 151000000000000000044958 1 380.1459104 PEA 35635 05/01/2026 17/07/2019 03/12/2013 Libro